Beyond pedagogy : reconsidering the public purpose of museums /

Bibliographic Details
Other Authors: Trofanenko, Brenda (Editor), Segall, Avner (Editor)
Format: eBook
Language:English
Published: Rotterdam : Sense Publishers, [2014]
Subjects:
Online Access:Connect to the full text of this electronic book

MARC

Tag First Indicator Second Indicator Subfields
LEADER 00000cam a2200000Ii 4500
001 in00003441241
005 20190407114636.0
006 m o d
007 cr cnu---unuuu
008 140627s2014 ne o 000 0 eng d
020 |a 9789462096325 (electronic bk.) 
020 |a 9462096325 (electronic bk.) 
035 |a (OCoLC)ocn881847671 
035 |a (OCoLC)881847671 
040 |a N$T  |b eng  |e rda  |e pn  |c N$T  |d UtOrBLW 
049 |a TXAM 
050 4 |a AM7  |b .B489 2014eb 
072 7 |a BUS  |x 100000  |2 bisacsh 
082 0 4 |a 069  |2 23 
245 0 0 |a Beyond pedagogy :  |b reconsidering the public purpose of museums /  |c edited by Brenda Trofanenko and Avner Segall. 
264 1 |a Rotterdam :  |b Sense Publishers,  |c [2014] 
264 4 |c ©2014 
300 |a 1 online resource (vi, 177 pages) 
336 |a text  |b txt  |2 rdacontent 
337 |a computer  |b c  |2 rdamedia 
338 |a online resource  |b cr  |2 rdacarrier 
588 |a Description based on print version record. 
650 0 |a Museums  |x Educational aspects. 
650 7 |a BUSINESS & ECONOMICS / Museum Administration & Museology.  |2 bisacsh 
655 7 |a Electronic books.  |2 local 
700 1 |a Trofanenko, Brenda,  |e editor. 
700 1 |a Segall, Avner,  |e editor. 
776 0 8 |i Print version:  |t Beyond pedagogy  |z 9789462096301 
856 4 0 |u http://proxy.library.tamu.edu/login?url=http://search.ebscohost.com/login.aspx?direct=true&scope=site&db=nlebk&db=nlabk&AN=799495  |z Connect to the full text of this electronic book  |t 0 
994 |a 92  |b TXA 
948 |a cataloged  |b h  |c 2014/8/12  |d c  |e jlanham  |f 2:08:30 pm 
999 |a MARS 
999 f f |s d298a670-f912-3518-b867-c2b0da41a94e  |i c4873b20-20d1-3fca-a47d-fbc6a844e3ae  |t 0 
952 f f |a Texas A&M University  |b College Station  |c Electronic Resources  |d Available Online  |t 0  |e AM7 .B489 2014eb  |h Library of Congress classification 
998 f f |a AM7 .B489 2014eb  |t 0  |l Available Online